000 00569nam a2200205Ia 4500
001 15269
003 GE_BSU
008 181216s||||||||xx |||||||||||||| ||und||
040 _cGE_BSU
080 _a821.353.1-32
100 _aშენგელაია,დემნა
245 _aმოთხრობები.
245 _cრედ.თ.შავიშვილი
260 _aთბილისი
260 _bფედერაცია
260 _c1941
300 _a242გვ.17სმ.
653 _aმოთხრობები.
942 _cBK
999 _c48381
_d48381